| 000 | 00732nam a22001815i 4500 | ||
|---|---|---|---|
| 001 | 158861 | ||
| 003 | ES-MaACL | ||
| 005 | 20250804062753.0 | ||
| 008 | 001107s1841 sp |||| | spa d | ||
| 040 |
_aEXT _bspa _cEXT |
||
| 100 | 1 |
_aMartí de Eixalá, Ramón, _d1807-1857 _977213 |
|
| 245 | 1 | 0 |
_aCurso de filosofía elementar [sic] _b: comprendiendo la teoría de las ideas, la gramática general y la lógica dedicado a las universidades y colegios / _cpor Ramon Martí de Eixalá. |
| 260 |
_aBarcelona : _b[s.n.], _c1841 ( _fImprenta de J. María de Grau) |
||
| 300 |
_aVII, 319 p. ; _c22 cm. |
||
| 650 | 0 | 7 |
_aFilosofía _2embne _912802 |
| 852 |
_aES-MaACL _jD-990 _z-- Enc. pasta española |
||
| 999 |
_c158861 _d158861 |
||